000
00309nam a2200133Ia 4500
005
20251222155100.0
008
251222s9999||||xx |||||||||||||| ||spa||
082
_a
REL.53
100
_a
BOSCO Teresio.
245
0
_a
Don Bosco una biografĂa nueva
250
_a
1ra. ed.
264
_b
No tiene
942
_c
LIB
999
_c
37638
_d
37638